000 005900000a22001930004500
001 17785
010 _a972-21-1560-X
090 _a17785
100 _a20041222d2003 k y0pory5003 ba
101 0 _apor
102 _aPT
200 1 _aA vida verdadeira de Domingos Xavier
_eromance
_fJosé Luandino Vieira
210 _aLisboa
_cCaminho
_d2003
215 _a116 p
225 2 _aOutras margens
_v18
675 _a821.134.3(673)-31"19/20"
_vBN
_zpor
700 1 _aVieira
_bJosé Luandino
_cPseud.
942 _cMON
_n0
999 _a17785
_bBibliobase - BMTAV
_c2019-01-21